Usṭūrah-ʼi āb, chīstī-i parī va chirāgh-i barāt va vākāvī-i ān-i bā āyīn-i Siyāvashān / (Record no. 1745)
[ view plain ]
| 000 -LEADER | |
|---|---|
| fixed length control field | 01946cam a22004815i 4500 |
| 001 - CONTROL NUMBER | |
| control field | data |
| 005 - DATE AND TIME OF LATEST TRANSACTION | |
| control field | 20260322212115.0 |
| 008 - FIXED-LENGTH DATA ELEMENTS--GENERAL INFORMATION | |
| fixed length control field | data |
| 035 ## - SYSTEM CONTROL NUMBER | |
| System control number | 20697304 |
| 010 ## - LIBRARY OF CONGRESS CONTROL NUMBER | |
| LC control number | 2018331179 |
| 020 ## - INTERNATIONAL STANDARD BOOK NUMBER | |
| International Standard Book Number | 9786007061718 |
| 037 ## - SOURCE OF ACQUISITION | |
| Stock number | Library of Congress -- Islamabad Overseas Office |
| 040 ## - CATALOGING SOURCE | |
| Original cataloging agency | DLC |
| Language of cataloging | eng |
| Description conventions | rda |
| Transcribing agency | DLC |
| 041 0# - LANGUAGE CODE | |
| Language code of text/sound track or separate title | eng |
| -- | eng |
| 042 ## - AUTHENTICATION CODE | |
| Authentication code | lcode |
| 043 ## - GEOGRAPHIC AREA CODE | |
| Geographic area code | a-ir--- |
| 050 00 - LIBRARY OF CONGRESS CALL NUMBER | |
| Classification number | BL325.W38 |
| Item number | M54 2018+ |
| 066 ## - CHARACTER SETS PRESENT | |
| Alternate G0 or G1 character set | (4 |
| -- | (4 |
| 100 1# - MAIN ENTRY--PERSONAL NAME | |
| Linkage | 880-01 |
| Personal name | Mīhanʹdūst, Muḥsin, |
| Relator term | author. |
| 245 10 - TITLE STATEMENT | |
| Linkage | 880-02 |
| Title | Usṭūrah-ʼi āb, chīstī-i parī va chirāgh-i barāt va vākāvī-i ān-i bā āyīn-i Siyāvashān / |
| Statement of responsibility, etc. | Muḥsin Mīhanʹdūst. |
| 246 14 - VARYING FORM OF TITLE | |
| Linkage | 880-03 |
| Title proper/short title | Dar va dargāhī-i bih usṭūrah-i āb chīstī-i parī |
| 250 ## - EDITION STATEMENT | |
| Linkage | 880-04 |
| Edition statement | Chāp-i avval. |
| 264 #1 - PRODUCTION, PUBLICATION, DISTRIBUTION, MANUFACTURE, AND COPYRIGHT NOTICE | |
| Linkage | 880-05 |
| Place of production, publication, distribution, manufacture | Mashhad : |
| Name of producer, publisher, distributor, manufacturer | Intishārāt-i Tarānah, |
| Date of production, publication, distribution, manufacture, or copyright notice | 1397 [2018] |
| 300 ## - PHYSICAL DESCRIPTION | |
| Extent | 260 pages ; |
| Dimensions | 22 cm |
| 336 ## - CONTENT TYPE | |
| Content type term | text |
| Content type code | txt |
| Source | rdacontent |
| 337 ## - MEDIA TYPE | |
| Media type term | unmediated |
| Media type code | n |
| Source | rdamedia |
| 338 ## - CARRIER TYPE | |
| Carrier type term | volume |
| Carrier type code | nc |
| Source | rdacarrier |
| 504 ## - BIBLIOGRAPHY, ETC. NOTE | |
| Bibliography, etc. note | Includes bibliographical references (pages 257-260). |
| 520 ## - SUMMARY, ETC. | |
| Summary, etc. | Water--Mythology. ; Mythology, Iranian. |
| 546 ## - LANGUAGE NOTE | |
| Language note | In Persian; some in English. |
| 650 #0 - SUBJECT ADDED ENTRY--TOPICAL TERM | |
| Topical term or geographic name entry element | Water |
| General subdivision | Mythology. |
| 650 #0 - SUBJECT ADDED ENTRY--TOPICAL TERM | |
| Topical term or geographic name entry element | Mythology, Iranian. |
| 650 #0 - SUBJECT ADDED ENTRY--TOPICAL TERM | |
| Topical term or geographic name entry element | Mythology. |
| 880 1# - ALTERNATE GRAPHIC REPRESENTATION | |
| Linkage | 100-01/(3/r |
| a | (3ejgf(B(3OhSJ,(B (3eMSf(B. |
| 880 10 - ALTERNATE GRAPHIC REPRESENTATION | |
| Linkage | 245-02/(3/r |
| a | (3GSWhQ(B (3GH,(B (41(3jSJi(B (4)(3Qi(B (3h(B (41(3QGZ(B (3HQGJ(B (3h(B (3hG(4X(3Ghi(B (3Gf(B (3HG(B (3Gjjf(B (3SjGhTGf(B / |
| c | (3eMSf(B (3ejgf(B(3OhSJ(B. |
| 880 14 - ALTERNATE GRAPHIC REPRESENTATION | |
| Linkage | 246-03/(3/r |
| a | (3OQ(B (3h(B (3OQ(4^(3Ggi(B (3Hg(B (3GSWhQg(B (3GH(B (41(3jSJi(B (4)(3Qi(B |
| 880 ## - ALTERNATE GRAPHIC REPRESENTATION | |
| Linkage | 250-04/(4/r |
| a | (41(3G(4)(B (3Ghd(B. |
| 880 #1 - ALTERNATE GRAPHIC REPRESENTATION | |
| Linkage | 264-05/(3/r |
| a | (3eTgO(B : |
| b | (3GfJTGQGJ(B (3JQGfg,(B |
| c | 1397 [2018]. |
| 906 ## - LOCAL DATA ELEMENT F, LDF (RLIN) | |
| a | 0 |
| b | ibc |
| c | origode |
| d | 3 |
| e | ncip |
| f | 20 |
| g | y-nonroman |
| 925 0# - | |
| -- | acquire |
| -- | 1 shelf copy |
| -- | policy default |
| 985 ## - | |
| -- | ODE-is |
| Withdrawn status | Lost status | Damaged status | Not for loan | Home library | Current library | Shelving location | Date acquired | Total checkouts | Full call number | Barcode | Date last seen | Price effective from | Koha item type |
|---|---|---|---|---|---|---|---|---|---|---|---|---|---|
| Fairview | Fairview | General stacks | 22/03/2026 | BL325.W38 | LOC-FPL-00030 | 22/03/2026 | 22/03/2026 | Books |